Bảo mật thông tin nơi công sở
Trong cuốn sách này đưa ra những ví dụ, tình huống ngắn gọn nhằm đề ra các biện pháp nâng cao hiệu quả bảo mật thông tin cùng với lời giải thích dễ hiểu cho từng tình huống.
Salvato in:
| Natura: | Libro |
|---|---|
| Lingua: | Undetermined |
| Pubblicazione: |
Thành phố Hồ Chí Minh
Trẻ
2013
|
| Soggetti: | |
| Tags: |
Aggiungi Tag
Nessun Tag, puoi essere il primo ad aggiungerne! !
|
| Thư viện lưu trữ: | Trung tâm Học liệu Trường Đại học Cần Thơ |
|---|
| LEADER | 00966nam a2200205Ia 4500 | ||
|---|---|---|---|
| 001 | CTU_197180 | ||
| 008 | 210402s9999 xx 000 0 und d | ||
| 020 | |c 36000 | ||
| 082 | |a 005.8 | ||
| 082 | |b B108 | ||
| 245 | 0 | |a Bảo mật thông tin nơi công sở | |
| 245 | 0 | |c Công ty cổ phần Brain Works dịch ; Minh Hà người thực hiện | |
| 260 | |a Thành phố Hồ Chí Minh | ||
| 260 | |b Trẻ | ||
| 260 | |c 2013 | ||
| 520 | |a Trong cuốn sách này đưa ra những ví dụ, tình huống ngắn gọn nhằm đề ra các biện pháp nâng cao hiệu quả bảo mật thông tin cùng với lời giải thích dễ hiểu cho từng tình huống. | ||
| 650 | |a Quản lý hệ thống thông tin,Management information systems | ||
| 650 | |x Phạm vi bảo mật,Security measures | ||
| 904 | |i Tuyến | ||
| 980 | |a Trung tâm Học liệu Trường Đại học Cần Thơ | ||